|
|
|
|
| LEADER |
00644cam a2200193 a 4500 |
| 005 |
20200518143939.0 |
| 008 |
090528s2010 enka 001 0 eng |
| 999 |
|
|
|c 2465
|d 2465
|
| 020 |
|
|
|a 9780415478236
|
| 082 |
0 |
0 |
|a 070.4
|b BUL
|
| 100 |
1 |
|
|a Bull, Andy
|
| 245 |
1 |
0 |
|a Multimedia journalism :
|b a practical guide /
|c Andy Bull.
|
| 260 |
|
|
|a London ;
|b Routledge,
|c 2010.
|
| 300 |
|
|
|a 491p.
|
| 650 |
|
0 |
|a Journalism.
|
| 650 |
|
0 |
|a Online journalism.
|
| 650 |
|
0 |
|a Interactive multimedia.
|
| 942 |
|
|
|2 ddc
|c BK
|
| 952 |
|
|
|0 0
|1 0
|2 ddc
|4 0
|6 070_400000000000000_BUL
|7 0
|9 2859
|a MAIN
|b MAIN
|d 2013-08-02
|e Athulya Books
|g 2663.11
|o 070.4 BUL
|p 2922
|r 2013-08-02
|w 2013-08-02
|y BK
|